| 000 | 00899nam a22002297a 4500 | ||
|---|---|---|---|
| 999 |
_c9197 _d9197 |
||
| 003 | AR-CdUCM | ||
| 008 | 190327b ||||| |||| 00| 0 spa d | ||
| 020 | _a84-607-9568-3 | ||
| 040 |
_aMUNICIPALIDAD PROVINCIAL DEL CUSCO _cBIBLIOTECA MUNICIPAL DEL CUSCO |
||
| 082 |
_a360 / _bUN61 |
||
| 110 |
_aUnicef _99438 |
||
| 245 | _aSistema de responsabilidad penal para adolescentes / | ||
| 260 |
_aManagua : _bUnicef, _c2003. |
||
| 300 |
_a312 páginas ; _c22 cm. |
||
| 505 | _aContenido:Justicia penal para adolescentes, retos y perspectivas -- La ley de responsabilidad penal de los menores -- El fiscal en la ley orgánica -- El juez de menores en la ley orgánica ... | ||
| 650 |
_aDerechos humanos _93264 |
||
| 650 |
_aJusticia penal _925259 |
||
| 650 |
_aAdolescentes _925103 |
||
| 710 |
_aAdministración de la comunidad autónoma del país Vasco _925260 |
||
| 942 |
_2ddc _cLIBROS |
||
| 945 | _aacv | ||